000 00248nam a2200097Ia 4500
082 _aZUL KF MWEL
245 0 _aUlundi noGugu
100 _a MWELASE, Thembi Kapa, 2009
_986173
942 _cBK
008 210817s9999 xx 000 0 und d
999 _c408194
_d408193